PDC World Darts Championship - All players 1994-2025 - Statistics

General Stats
  • This quiz has been taken 251 times
    155 since last reset
  • The average score is 111 of 500
Answer Stats
First appearance Nationality Name % Correct
1994 England Phil Taylor
94%
2008 Netherlands Michael van Gerwen
90%
2012 England Michael Smith
88%
2018 Canada Jeff Smith
87%
2006 England Andy Smith
86%
1995 England Dennis Smith
86%
2019 Australia Raymond & KY Smith
86%
2014 England Ross Smith
86%
2018 New Zealand Bernie Smith
85%
2024 England Luke Littler
85%
2004 England Steve & Dave Smith
85%
2010 Scotland Gary Anderson
83%
2013 Australia Kyle Anderson
83%
2010 Scotland Peter Wright
83%
2014 Australia Beau Anderson
82%
1994 England Bob Anderson
82%
2007 Netherlands Raymond van Barneveld
82%
2015 Wales Gerwyn Price
78%
2006 England Adrian Lewis
76%
2003 Australia Simon Whitlock
76%
1998 Canada John Part
75%
2018 England Luke Humphries
74%
2013 Wales Jamie Lewis
73%
2005 England James Wade
72%
2014 Belgium Ronny Huybrechts
70%
2012 Belgium Kim Huybrechts
69%
2017 Wales Jonny Clayton
68%
1997 USA/Singapore Paul Lim
67%
2020 Australia Damon Heta
66%
2013 Northern Ireland Daryl Gurney
66%
2018 England Rob Cross
66%
2015 England Stephen Bunting
66%
2016 Belgium Dimitri van den Bergh
65%
2020 England Fallon Sherrock
65%
2019 England Nathan Aspinall
65%
1994 England Dennis Priestley
64%
2018 Poland Krzysztof Ratajski
63%
2009 Northern Ireland Brendan Dolan
62%
2017 England Chris Dobey
62%
2018 Germany Martin Schindler
62%
2013 Germany Max Hopp
62%
2008 Austria Mensur Suljovic
62%
2024 Netherlands Gian van Veen
61%
2023 Northern Ireland Josh Rock
61%
2018 Ireland William O'Connor
60%
2009 Ireland Shane O'Connor
59%
2012 Portugal Jose de Sousa
58%
2022 Wales Lewy & Jim Williams
58%
2002 England Paul Williams
57%
2023 England Scott Williams
57%
2019 Nethelands Danny Noppert
56%
2017 Netherlands/Sweden Jeffrey de Graaf
56%
2021 Belgium Mike De Decker
56%
2009 Spain Carlos Rodriguez
55%
2019 Germany Gabriel Clemens
55%
2011 England Joe Cullen
55%
2014 England Ricky Evans
55%
2015 Austria Rowby-John Rodriguez
55%
2022 Austria Rusty-Jake Rodriguez
55%
2015 England Andrew Gilding
54%
2012 England Dave Chisnall
54%
2021 England David Evans
54%
2024 England Lee Evans
54%
2008 England Mervyn King
54%
2008 Wales Steve Evans
54%
2011 Croatia Boris Krcmar
53%
2001 Canada Gayl King
53%
2020 Australia Robbie King
53%
2019 Lithuania Darius Labanauskas
52%
2011 South Africa Devon Petersen
52%
2012 England Ian White
52%
2015 Netherlands Jermaine Wattimena
52%
1994 England John Lowe
51%
2020 Latvia Madars Razma
51%
2024 Germany Ricardo Pietreczko
51%
2006 England Darren Webster
50%
2016 Netherlands Dirk van Duijvenbode
50%
2021 England Jason Lowe
50%
2008 Netherlands Jelle Klaasen
50%
2019 Czech Republic Karel Sedlacek
50%
2010 Wales Mark Webster
50%
2019 England Ryan Searle
50%
2025 Switzerland Stefan Bellmont
50%
2024 France Thibault Tricole
50%
2015 Spain Cristo Reyes
49%
2012 Scotland John Henderson
49%
2020 Canada Matt Campbell
49%
2023 England Beau Greaves
48%
2008 Ireland Jason Barry
48%
2020 Ireland Keane Barry
48%
2019 England Lisa Ashton
48%
2025 Bahamas Rashad Sweeting
47%
2023 Scotland Cameron Menzies
46%
1994 England Eric Bristow
46%
2009 Philippines Lourence Ilagan
45%
2011 Northern Ireland Mickey Mansell
45%
2009 Scotland Robert Thornton
44%
2002 England Steve Beaton
44%
2008 Netherlands Vincent van der Voort
44%
2015 Netherlands Christian Kist
43%
2022 Germany Florian Hempel
43%
2023 USA Leonard Gates
43%
2013 England Mark Jones
43%
2005 England Wayne Jones
43%
1994 USA Steve Brown
42%
2008 England Steve Brown
42%
2024 Netherlands Wessel Nijman
42%
2015 England Keegan Brown
41%
2023 Philippines Paolo Nebrida
41%
2022 Scotland Alan Soutar
40%
2016 Netherlands Jeffrey de Zwaan
39%
2020 England Luke Woodhouse
39%
2021 Netherlands Niels Zonneveld
39%
2019 India Nitin Kumar
39%
2020 England Ritchie Edhouse
39%
2023 Wales Robert Owen
39%
2023 Czech Republic Adam Gawlas
38%
1994 Scotland Jocky Wilson
38%
2024 Netherlands Richard Veenstra
38%
2003 England Wayne Mardle
38%
2022 Scotland William Borland
38%
2020 New Zealand Ben Robb
37%
2020 England Glen Durrant
37%
2017 England James Wilson
37%
2025 Germany Niko Springer
37%
1997 England Peter Manley
37%
2018 Ireland Steve Lennon
37%
2020 England Callan Rydz
36%
2025 Germany Kai Gotthardt
36%
2002 England Kevin Painter
36%
2009 Finland Marko Kantele
36%
2024 Netherlands Kevin Doets
35%
2016 Netherlands Jan Dekker
34%
2010 Poland Krzysztof Kciuk
34%
2025 Netherlands Noa-Lynn van Leuven
34%
2020 England Ryan Meikle
33%
2021 New Zealand Haupai Puha
32%
2011 England Justin Pipe
32%
2024 Poland Radek Szaganski
32%
2001 Wales Richie Burnett
32%
2021 England Bradley Brooks
31%
2006 England Dale Newton
31%
2021 USA Danny Lauby
31%
2015 Greece John Michael
31%
2024 USA Jules van Dongen
31%
2016 Germany Rene Eidams
31%
2019 England Ryan Joyce
31%
2010 USA Scott Burnett
31%
2024 USA Stowe Buntz
31%
2005 England Wes Newton
31%
2025 Philippines Alexis Toylo
30%
2005 England Andy Hamilton
30%
2000 England Colin Lloyd
30%
1999 USA Dan Lauby
30%
2018 Brazil Diogo Portela
30%
2024 Hong Kong Man Lok Leung
30%
2023 England Martin Lukeman
30%
2020 Japan Mikuru Suzuki
30%
2009 Australia Paul Nicholson
30%
2018 England Ted Evetts
30%
2025 Hong Kong Lok Yin Lee
29%
2021 Japan Toru Suzuki
29%
2002 England Andy Jenkins
28%
2011 Spain Antonio Alcinas
28%
2007 Wales Barrie Bates
28%
2017 Australia Corey Cadby
28%
2009 Netherlands Co Stompe
28%
2024 Ireland Dylan Slevin
28%
2020 Spain Jose Justicia
28%
2018 Hong Kong Kai Fan Leung
28%
2024 Belgium Mario Vandenbogaerde
28%
2021 Wales Nick Kenny
28%
2024 England Owen Bates
28%
2005 England Terry Jenkins
28%
2024 Japan Tomoya Goto
28%
2010 Philippines Christian Perez
27%
2023 Ireland John O'Shea
27%
2024 South Africa Simon Adams
27%
2025 Netherlands Wesley Plaisier
27%
2013 England Dean Winstanley
26%
2019 Canada Jim Long
26%
2010 Germany Jyhan Artut
26%
2023 Canada David Cameron
24%
2021 Netherlands Martijn Kleermaker
24%
2013 Croatia/Germany Robert Marijanovic
24%
2023 Poland Sebastian Bialecki
24%
1994 England Alan Warriner
23%
2021 South Africa Cameron Carolissen
23%
1994 USA Larry Butler
23%
1994 England Rod Harrington
23%
2001 Netherlands Roland Scholten
23%
2024 Netherlands Berry van Peer
22%
2015 Russia Boris Koltsov
22%
2013 New Zealand Dave Harrington
22%
2020 England Jamie Hughes
22%
2017 England Steve West
22%
2008 England Jamie Caven
20%
2008 England Kirk Shepherd
20%
2024 Philippines Sandro Eric Sosing
20%
2006 Germany Tomas Seyler
20%
2018 China Zong Xiao Chen
20%
2016 England Alan Norris
19%
2025 England James Hurrell
19%
2025 Australia Joe Comito
19%
2020 Germany Nico Kurz
19%
2025 Japan Ryusei Azemoto
19%
2019 England Adam Hunt
18%
2015 Netherlands Benito van de Pas
18%
2022 Netherlands Chris Landman
18%
1997 England Chris Mason
18%
2019 Sweden Daniel Larsson
18%
2005 USA Darin Young
18%
2015 Canada Dave Richardson
18%
2017 Germany Dragutin Horvat
18%
2012 England James Richardson
18%
2021 England Scott Waites
18%
2003 Jamaica Al Hedman
17%
2009 Russia Anastasia Dobromyslova
17%
2024 England Connor Scutt
17%
2020 USA Danny Baggish
17%
2021 England Deta Hedman
17%
2021 Netherlands Maik Kuivenhoven
17%
2025 Wales Rhys Griffin
17%
2017 England Robbie Green
17%
2025 Croatia Romeo Grbavac
17%
2023 China Xicheng Han
17%
2007 England Alan Green
16%
2006 Germany Andree Welge
16%
2004 England Mark Dudbridge
16%
2023 Northern Ireland Nathan Rafferty
16%
1994 England Peter Evison
16%
2022 England Scott Mitchell
16%
2007 USA Bill Davis
15%
2018 Australia Gordon Mathers
15%
2022 Canada John Norman
15%
2007 Denmark Per Laursen
15%
2002 England Ronnie Baxter
15%
2014 Hong Kong Rouden Lam
15%
2016 England/Scotland Andy Boulton
14%
2011 England Chris Thompson
14%
2019 New Zealand Craig Ross
14%
2019 England Matthew Edgar
14%
2018 Japan Seigo Asada
14%
2014 Austria Zoran Lerchbacher
14%
2024 USA Alex Spellman
13%
2012 England Arron Monk
13%
2018 New Zealand Cody Harris
13%
2006 England Colin Monk
13%
2007 England Colin Osborne
13%
2023 Netherlands Danny van Trijp
13%
2010 Japan Haruki Muramatsu
13%
2005 Scotland Jason Clark
13%
2012 Germany Kevin Münch
13%
2004 England Mark Walsh
13%
2006 England Matt Clark
13%
2018 England Richard North
13%
2001 England Denis Ovens
12%
2021 Japan Edward Foulkes
12%
1994 England Keith Deller
12%
2004 Guyana Norman Madhoo
12%
2019 England Aden Kirk
11%
2025 Netherlands Alexander Merkx
11%
2020 Slovenia Benjamin Pratnemer
11%
2012 Sweden Dennis Nilsson
11%
2023 India Prakash Jiwa
11%
2015 Germany Sascha Stein
11%
1999 England Alex Roy
10%
2014 England Ben Ward
10%
2024 India Bhav Patel
10%
1996 USA Gary Mawson
10%
1997 England Harry Robinson
10%
2020 England Harry Ward
10%
2010 Sweden Magnus Caris
10%
2003 England Mark Robinson
10%
2007 Ireland Mick McGowan
10%
2019 Philippines Noel Malicdem
10%
2015 Netherlands Ron Meulenkamp
10%
1994 England Cliff Lazarenko
9%
2022 Germany Fabian Schmutzler
9%
2013 England James Hubbard
9%
2007 England Mark Lawrence
9%
2011 Hong Kong Scott MacKenzie
9%
2022 England Chas Barstow
8%
2019 Netherlands Geert Nentjes
8%
1994 Scotland Jamie Harvey
8%
2013 Netherlands Jerry Hendriks
8%
2023 Netherlands Jimmy Hendriks
8%
2017 England Josh Payne
8%
2006 Canada Ken Woods
8%
2015 Finland Kim Viljanen
8%
2004 USA Tony Payne
8%
2018 Croatia Alan Ljubic
7%
2016 Russia Aleksandr Oreshkin
7%
2015 England David Pallett
7%
2004 Netherlands Jan van der Rassel
7%
1994 USA Jim Watkins
7%
2010 Canada Ken MacNeil
7%
2009 England Kevin McDine
7%
2001 England Les Fitton
7%
2013 England Peter Hudson
7%
2007 Canada Ron Miller
7%
2006 England Steve Hine
7%
2009 Guyana Sudesh Fitzgerald
7%
2006 New Zealand Warren Parry
7%
2007 England Adrian Gray
6%
2006 England Alan Tabern
6%
2015 Hong Kong Alex Hon
6%
2021 India Amit Gilitwala
6%
2006 China Chengan Liu
6%
2021 China Chengan Liu
6%
2020 Ireland Ciaran Teehan
6%
2023 Netherlands Danny Jansen
6%
1994 USA Dave Kelly
6%
2006 England Dave Whitcombe
6%
2021 Netherlands Derk Telnekes
6%
2021 Russia Dmitriy Gorbunov
6%
2010 Gibraltar Dylan Duo
6%
2016 England Joe Murnan
6%
2006 Ireland John MaGowan
6%
2011 England Mark Hylton
6%
2020 England Mark McGeeney
6%
2008 Germany Michael Rosenauer
6%
2009 Hungary Nandor Bezzeg
6%
2012 Finland Petri Korte
6%
2024 Philippines Reynaldo Rivera
6%
2014 New Zealand Rob Szabo
6%
2021 Scotland Ryan Murray
6%
2012 Australia Sean Reed
6%
2013 England Stuart Kellett
6%
1994 Ireland Tom Kirby
6%
2008 England Tony Eccles
6%
2023 Ukraine Vladyslav Omelchenko
6%
2007 New Zealand Warren French
6%
2007 South Africa Wynand Havenga
6%
2019 China Yuanjun Liu
6%
2020 Japan Yuki Yamada
6%
2005 Barbados Anthony Forde
5%
2010 Ireland Aodhagan O'Neill
5%
2012 Ireland Connie Finnan
5%
2001 England Dave Askew
5%
2004 Belgium Erik Clarys
5%
2013 Netherlands Gino Vos
5%
1994 England Graeme Stoddart
5%
2004 Northern Ireland Henry O'Neill
5%
2010 Finland Jarkko Komula
5%
2006 England Jimmy Mann
5%
2017 England Kevin Simm
5%
1994 England Kevin Spiolek
5%
2009 England Mark Stephenson
5%
2005 England Mark Thomson
5%
2023 Japan Nobuhiro Yamamoto
5%
1994 England Ritchie Gardner
5%
2009 Australia Russell Stewart
5%
2012 England Scott Rand
5%
2017 England Simon Stevenson
5%
2011 England Steve Farmer
5%
2008 India Ashfaque Sayed
4%
2011 Germany Brend Roith
4%
2008 South Africa Charles Losper
4%
2013 South Africa Charl Pietersen
4%
2024 Australia Darren Penhall
4%
2017 Philippines Gilbert Ulang
4%
2023 South Africa Grant Sampson
4%
2015 Scotland Jason Hogg
4%
2016 Japan Keita Ono
4%
2019 Northern Ireland Kevin Burness
4%
2017 England Mark Frost
4%
2003 England Mark Holden
4%
2009 England Michael Barnard
4%
2019 England Michael Barnard
4%
1998 England Mick Manning
4%
2007 Australia Mitchell Clegg
4%
2013 Malaysia Mohd Latif Sapup
4%
2009 England Nick Fullwell
4%
2022 Czech Republic Roman Benecky
4%
2015 USA Scott Kirchner
4%
2004 England Steve Maish
4%
2016 Thailand Thanawat Gaweenuntawong
4%
2005 Wales Alan Reynolds
3%
2004 Scotland Alex MacKay
3%
2000 Spain Braulio Roncero
3%
2019 USA Chuck Puleo
3%
2011 Austria Dietmar Burger
3%
2009 Northern Ireland Felix McBrearty
3%
2006 England Gary Welding
3%
1994 USA Gerald Verrier
3%
2019 Australia James Bailey
3%
2013 Finland Jani Haavisto
3%
1994 USA Jerry Umberger
3%
2013 England John Bowles
3%
2015 Australia John Weber
3%
2003 England Lee Palfreyman
3%
2010 South Africa Les Francis
3%
2014 Netherlands Mareno Michels
3%
2011 England Nigel Heydon
3%
2012 Serbia Oliver Ferenc
3%
2010 Slovenia Osmann Kijamet
3%
1999 England Reg Harding
3%
2009 Netherlands Rocco van Eijden
3%
2015 Netherlands Ryan de Vreede
3%
2011 Australia Shane Tichowitsch
3%
1995 England Shayne Burgess
3%
2009 England Tony Ayres
3%
2007 Australia Tony Fleet
3%
2008 Netherlands Toon Greebe
3%
2004 Wales Wayne Atwood
3%
2008 Japan Akihiro Nagakawa
2%
2005 England Alan Caves
2%
2007 Austria Anton Pein
2%
2007 Canada Brian Cyr
2%
2006 Australia Brian Roach
2%
2004 Northern Ireland Colin McGarry
2%
2006 England Dave Honey
2%
2009 USA David Fatum
2%
2003 Australia David Platt
2%
2006 Netherlands Erwin Extercatte
2%
2006 Northern Ireland Geoff Wylie
2%
2005 Canada Gerry Convery
2%
2009 Austria Hannes Schnier
2%
1998 England John Ferrell
2%
2000 England John Ferrell
2%
2013 England Johnny Haines
2%
2014 Spain Julio Barbero
2%
1994 England Kevin Burrows
2%
2012 Belgium Kurt van de Rijck
2%
2015 Australia Laurence Ryder
2%
2012 Malaysia Lee Choon Peng
2%
2004 England Lionel Sams
2%
2023 Australia Mal Cuming
2%
2006 Wales Mark Salmon
2%
2002 England Matt Chapman
2%
2006 Belgium Patrick Bulen
2%
2018 England Peter Jacques
2%
2007 Netherlands Rico Vonck
2%
2004 England Robbie Widdows
2%
1994 USA Sean Downs
2%
2007 China Shi Yongsheng
2%
2004 England Simon Whatley
2%
2006 Wales Steve Alker
2%
1996 England Steve Raw
2%
2005 China Tang Jun
2%
2017 Malaysia Tengku Shah
2%
2011 Finland Veijo Viinikka
2%
2004 Australia Barry Jouannet
1%
2007 England Dave Ladley
1%
1999 England Dean Allsop
1%
2021 China Di Zhuang
1%
2010 Spain Francisco Ruiz
1%
2001 England Gary Spedding
1%
2007 Northern Ireland Ian Branks
1%
2022 England Jason Heaver
1%
1997 USA Jason Lucas
1%
2006 USA John Kuczynski
1%
2005 Canada John Verwey
1%
2005 Netherlands Josephus Schenk
1%
2011 Philippines Juanito Gionson
1%
2018 Belgium Kenny Neyens
1%
2016 New Zealand Koha Kokiri
1%
2008 Netherlands Leroy Kwadijk
1%
2013 Hong Kong Leung Chen Nam
1%
2005 England Mark Landers
1%
2017 Japan Masumi Chino
1%
2008 Czech Republic Miloslav Navratil
1%
1996 England Nigel Justice
1%
2010 New Zealand Philip Hazel
1%
2011 New Zealand Preston Ridd
1%
2006 USA Ray Carver
1%
2010 Russia Roman Konchikov
1%
2009 England Steve Grubb
1%
2008 Australia Steve MacArthur
1%
2016 China Sun Qiang
1%
2016 Netherlands Sven Groen
1%
2007 Japan Tetsuya Wada
1%
2016 South Africa Warrick Scheffer
1%
2018 USA Willard Bruguier
1%
2006 Barbados Winston Cadogan
1%
2005 Japan Yasuhiko Matsunaga
1%
2019 Netherlands Yordi Meeuwisse
1%
2008 New Zealand Alan Bolton
0%
2016 Philippines Alex Tagarao
0%
2008 Canada Dan Olson
0%
2007 England Dave Jowett
0%
2014 Denmark Dennis Lindskjold
0%
2012 Australia Geoff Kime
0%
2014 England Ian Moss
0%
2015 New Zealand Mark McGrath
0%
2007 England Martin Burchell
0%
2011 England Matt Padgett
0%
2016 Austria Michael Rasztovits
0%
2011 Japan Morihiro Hashimito
0%
2015 South Africa Nolan Arendse
0%
2012 England Paul Barham
0%
1997 England Paul Knighton
0%
2004 England Ritchie Buckle
0%
2008 Philippines Rizal Barellano
0%
2004 Canada Rory Orvis
0%
2017 Canada Ross Snook
0%
1999 Canada Scott Cummings
0%
1997 Canada Tony Holyoake
0%
2004 Japan Toru Sano
0%
No matching quizzes found
Score Distribution
Percent of People with Each Score
Percentile by Number Answered
Your Score History
You have not taken this quiz since the last reset